|
|
|
|
| LEADER |
00000naa2a2200000 4500 |
| 001 |
380786 |
| 005 |
20231101062730.0 |
| 035 |
|
|
|a (RuTPU)RU\TPU\prd\2461
|
| 090 |
|
|
|a 380786
|
| 100 |
|
|
|a 20020320a2002 k y0rusy50 ca
|
| 101 |
0 |
|
|a rus
|
| 102 |
|
|
|a RU
|
| 200 |
1 |
|
|a Обработка сигнала на основе вейвлет-спектра
|f В. А. Шишенков, В. В. Любимов, Т. И. Иванова
|
| 225 |
1 |
|
|a Автоматизация и механизация исследовательских и производственных процессов
|
| 320 |
|
|
|a Библиогр.: 2 назв.
|
| 461 |
|
1 |
|0 (RuTPU)RU\TPU\prd\1282
|x 0869-4931
|t Автоматизация и современные технологии
|o межотраслевой научно-технический журнал
|d 1992-
|
| 463 |
|
1 |
|0 (RuTPU)RU\TPU\prd\2113
|t № 1
|v С. 3-7
|d 2002
|
| 610 |
1 |
|
|a автоматизация
|
| 610 |
1 |
|
|a технологические процессы
|
| 610 |
1 |
|
|a вейвлеты
|
| 610 |
1 |
|
|a методы
|
| 675 |
|
|
|a 621.9.047:621.004.58
|v 3
|
| 700 |
|
1 |
|a Шишенков
|b В. А.
|
| 701 |
|
1 |
|a Любимов
|b В. В.
|
| 701 |
|
1 |
|a Иванова
|b Т. И.
|
| 801 |
|
1 |
|a RU
|b 63413507
|c 20020320
|g PSBO
|
| 801 |
|
2 |
|a RU
|b 63413507
|c 20120220
|g PSBO
|
| 942 |
|
|
|c BK
|